[Event "Ricciardi op 19th"]
[Site "Gallarate"]
[Date "2015.06.09"]
[Round "4"]
[White "Viale, Daniele"]
[Black "Aspesi, Davide"]
[Result "0-1"]
[WhiteElo "1878"]
[BlackElo "1817"]
[PlyCount "106"]
[EventDate "2015.05.19"]
[EventType "swiss"]
[EventRounds "6"]
[EventCountry "ITA"]
[SourceTitle "EXT 2017"]
[Source "ChessBase"]
[SourceDate "2016.10.25"]
[SourceVersion "1"]
[SourceVersionDate "2016.10.25"]
[SourceQuality "1"]

1. e4 c5 2. Ne2 Nc6 3. Nbc3 e6 4. d4 cxd4 5. Nxd4 d5 6. exd5 exd5 7. Be3 Bb4 8. Bb5 Bd7 9. 0-0 Bxc3 10. bxc3 Nge7 11. Bd3 Ne5 12. Qh5 Nxd3 13. cxd3 0-0 14. Rfc1 Be6 15. Rab1 b6 16. Rb4 Qd7 17. Nxe6 Qxe6 18. Rh4 Qg6 19. Qxg6 Nxg6 20. Rh5 Rad8 21. Kf1 Rfe8 22. d4 Re6 23. c4 dxc4 24. Rxc4 f6 25. Rb5 h6 26. Rb2 Re4 27. Rbc2 Rd7 28. Rc8+ Kf7 29. g3 Rde7 30. h4 Nf8 31. Rd2 Rd7 32. Rd1 Ne6 33. Kg2 Nc5 34. Rc1 Ne6 35. Rd1 Re5 36. Kf3 f5 37. h5 f4 38. gxf4 Rxh5 39. Kg4 Rhd5 40. f5 Nxd4 41. Bc1 h5+ 42. Kh3 Nb5 43. Rxd5 Rxd5 44. a4 Nd4 45. Rc7+ Kf6 46. Bb2 Kxf5 47. Rxg7 a5 48. Rh7 Kg6 49. Rb7 Ne2 50. Rxb6+ Kg5 51. Rb5 Nf4+ 52. Kh2 Rxb5 53. axb5 Nd5 0-1

[Event "Ricciardi op 19th"]
[Site "Gallarate"]
[Date "2015.05.19"]
[Round "1"]
[White "Aspesi, Davide"]
[Black "Trabucco, Ennio"]
[Result "1-0"]
[WhiteElo "1817"]
[BlackElo "1540"]
[PlyCount "111"]
[EventDate "2015.05.19"]
[EventType "swiss"]
[EventRounds "6"]
[EventCountry "ITA"]
[SourceTitle "EXT 2017"]
[Source "ChessBase"]
[SourceDate "2016.10.25"]
[SourceVersion "1"]
[SourceVersionDate "2016.10.25"]
[SourceQuality "1"]

1. c4 e5 2. Nc3 Nf6 3. Nf3 Nc6 4. e3 d6 5. h3 Be7 6. Be2 h6 7. d4 e4 8. Nd2 Bf5 9. a3 0-0 10. Nf1 d5 11. Ng3 Be6 12. cxd5 Bxd5 13. Nxd5 Qxd5 14. Bd2 Bd6 15. 0-0 Qg5 16. Qe1 Bxg3 17. fxg3 Ne7 18. Rc1 c6 19. Rc5 Ned5 20. Qf2 Qg6 21. Bd1 Rad8 22. Bb3 Rd6 23. Kh2 Nd7 24. Rcc1 Rf6 25. Qe2 Re8 26. Rxf6 N7xf6 27. Rf1 Re6 28. g4 Nh7 29. Bxd5 cxd5 30. Qb5 Nf6 31. Qxb7 Rb6 32. Qc8+ Kh7 33. b4 h5 34. gxh5 Nxh5 35. Qf5 Nf6 36. Qxg6+ Kxg6 37. Rc1 a6 38. a4 Ne8 39. Rc5 Nf6 40. a5 Rd6 41. Be1 Nd7 42. Rc7 Nf6 43. Bg3 Re6 44. Rc5 Kf5 45. Bf4 g5 46. g4+ Kg6 47. Be5 Nd7 48. Rxd5 Nxe5 49. dxe5 f5 50. gxf5+ Kxf5 51. Kg3 Rc6 52. e6+ Kxe6 53. Rxg5 Kf6 54. Kf4 Rc4 55. Rf5+ Kg6 56. b5 1-0

[Event "Robecchetto Primavera op 12th"]
[Site "Robecchetto"]
[Date "2015.04.16"]
[Round "3"]
[White "Pappalardo, Antonio"]
[Black "Aspesi, Davide"]
[Result "1-0"]
[WhiteElo "1659"]
[BlackElo "1817"]
[PlyCount "81"]
[EventDate "2015.04.02"]
[EventType "swiss"]
[EventRounds "7"]
[EventCountry "ITA"]
[SourceTitle "EXT 2017"]
[Source "ChessBase"]
[SourceDate "2016.10.25"]
[SourceVersion "1"]
[SourceVersionDate "2016.10.25"]
[SourceQuality "1"]

1. d4 d5 2. c4 e6 3. cxd5 exd5 4. Nc3 Nf6 5. Bg5 Be7 6. Nf3 0-0 7. e3 h6 8. Bf4 Nc6 9. Bd3 Bg4 10. 0-0 a6 11. h3 Bh5 12. Rc1 Bg6 13. Ne5 Nxe5 14. dxe5 Ne4 15. Qc2 Nxc3 16. Bxg6 fxg6 17. Qxc3 c6 18. Rcd1 Rc8 19. Qb3 b5 20. e4 Rxf4 21. exd5 Kh7 22. d6 Bf8 23. d7 Rc7 24. Qe6 Bc5 25. Qe8 Rf8 26. Qxd8 Rxd8 27. e6 Be7 28. Rfe1 g5 29. Re3 a5 30. Rf3 Kg6 31. a3 b4 32. a4 c5 33. Rf7 Bf6 34. Rd6 c4 35. Rf8 Be7 36. Rxd8 Bxd6 37. Rc8 c3 38. bxc3 Rxd7 39. exd7 Be7 40. cxb4 axb4 41. d8Q 1-0

[Event "Robecchetto Primavera op 12th"]
[Site "Robecchetto"]
[Date "2015.04.02"]
[Round "1"]
[White "Cunati, Valerio"]
[Black "Aspesi, Davide"]
[Result "1-0"]
[WhiteElo "1699"]
[BlackElo "1817"]
[PlyCount "89"]
[EventDate "2015.04.02"]
[EventType "swiss"]
[EventRounds "7"]
[EventCountry "ITA"]
[SourceTitle "EXT 2017"]
[Source "ChessBase"]
[SourceDate "2016.10.25"]
[SourceVersion "1"]
[SourceVersionDate "2016.10.25"]
[SourceQuality "1"]

1. d4 d5 2. Nf3 Nc6 3. c4 e6 4. Nc3 Nf6 5. Bg5 Be7 6. e3 0-0 7. Bd3 h6 8. Bh4 b6 9. 0-0 Bb7 10. Bxf6 Bxf6 11. cxd5 exd5 12. Rc1 a6 13. Bb1 Ne7 14. h4 Bc8 15. e4 Bg4 16. g3 Ng6 17. e5 Bxh4 18. Qd3 Bg5 19. Nxg5 hxg5 20. Kg2 f5 21. Rh1 c5 22. f3 cxd4 23. Qxd4 Bxf3+ 24. Kxf3 g4+ 25. Kg2 Ne7 26. Rh5 g6 27. Rh6 Nc6 28. Qxd5+ Qxd5+ 29. Nxd5 Nxe5 30. Rc7 Rf7 31. Rxf7 Kxf7 32. Rh7+ Kg8 33. Nf6+ Kf8 34. Rh8+ Ke7 35. Rxa8 Kxf6 36. Rxa6 Nc4 37. b3 Ne3+ 38. Kf2 Nd5 39. a4 Ke5 40. a5 bxa5 41. Rxa5 Kd4 42. Ra6 Kc3 43. Rxg6 Kxb3 44. Bxf5 Ne7 45. Be6+ 1-0